| 000 | 00701cam a22002054a 4500 | ||
|---|---|---|---|
| 001 | 13034853 | ||
| 005 | 20260112074310.0 | ||
| 008 | 021219s2003 paua b 001 0 eng | ||
| 020 |
_a9781591400431 _q(hbk.) |
||
| 082 | _a381.1 LUB | ||
| 100 | 1 | _aLubbe, Sam | |
| 245 | 1 | 4 |
_aThe economic and social impacts of e-commerce / _cSam Lubbe. |
| 260 |
_aHershey : _bIdea Group Pub., _c2003. |
||
| 300 |
_axi, 266 p. : _bill. ; _c26 cm. |
||
| 650 | 0 | _aElectronic commerce. | |
| 650 | 0 |
_aElectronic commerce _zSouth Africa. |
|
| 700 | 1 | _aVan Heerden, Johanna Maria. | |
| 856 |
_uhttps://www.igi-global.com/book/economic-social-impacts-commerce/992#table-of-contents _yTable of contents |
||
| 942 |
_2ddc _cBK |
||
| 999 |
_c111754 _d111754 |
||